000 00237nam a2200097Ia 4500
008 190216s9999||||xx |||||||||||||| ||und||
100 _aGupta.K.R
245 0 _aPricing And Publishing Enterprises
260 _bAnmol Publications
942 _cBK
999 _c9493
_d9493